| 000 | 00977cam a22002897a 4500 | ||
|---|---|---|---|
| 001 | 14487233 | ||
| 005 | 20130226152325.0 | ||
| 008 | 060808s2003 bcca b 001 0 eng | ||
| 010 | _a 2006355309 | ||
| 016 | _a20049001205 | ||
| 020 | _a0865714843 (pbk.) | ||
| 020 | _a9780865714847 | ||
| 082 | 0 | 4 |
_a621.312134 _222 _bDAV |
| 100 | 1 |
_aDavis, Scott. _932737 |
|
| 245 | 1 | 0 |
_aMicrohydro : _bClean Power from Water / _cScott Davis. |
| 260 |
_aGabriola Island, B.C. : _bNew Society Publishers, _cc2003. |
||
| 300 |
_axvii, 157 p. : _bill. ; _c23 cm. |
||
| 490 | 1 | _aWiser living series | |
| 500 | _a"A Mother earth news book for wiser living"--Cover. | ||
| 504 | _aIncludes bibliographical references (p. 144-145) and index. | ||
| 650 | 0 |
_aHydroelectric power plants. _931179 |
|
| 650 | 0 |
_aRenewable energy sources. _932738 |
|
| 650 | 6 |
_aCentrales hydroelectriques. _932739 |
|
| 650 | 6 |
_aEnergies renouvelables. _932740 |
|
| 653 |
_bMec _cFebruary2013 |
||
| 942 |
_2ddc _cBB |
||
| 999 |
_c17330 _d17302 |
||